| 000 | 01145nmm a2200373 a 4500 | ||
|---|---|---|---|
| 003 | AR-BaBNM | ||
| 005 | 20251128204819.0 | ||
| 008 | 316019s1986 ||||||||||||||000 | spa|| | ||
| 040 | _cAR-BaBNM | ||
| 100 | 1 | _aCéspedes, Francisco S. | |
| 245 | 1 | 0 |
_aPáginas de educación _bLatinoamérica : experiencias y reflexiones _n2 |
| 260 |
_aPanamá _bChen _c1986 |
||
| 300 | 1 |
_aviii, 246 p. _bil., cuadros, gráfs. |
|
| 500 | 0 | _aPrólogo de Miguel Mejía Dutary | |
| 500 | 0 | _aContiene referencias bibliográficas en p. 58-60 y p. 85-86 | |
| 600 | 1 | 4 | _aMannetti, Guillermo |
| 650 | 4 | _aEDUCACION COMPARADA | |
| 650 | 4 | _aHISTORIA DE LA EDUCACION | |
| 650 | 4 | _aEDUCACION RURAL | |
| 650 | 4 | _aTENDENCIAS EDUCACIONALES | |
| 650 | 4 | _aSIGLO VEINTE | |
| 650 | 4 | _aENSENANZA UNIVERSITARIA | |
| 650 | 4 | _aANALFABETISMO | |
| 650 | 4 | _aREFORMA DE LA EDUCACION | |
| 650 | 4 | _aADMINISTRACION DE LA EDUCACION | |
| 651 | 4 | _aAmérica Latina | |
| 653 | 0 | _aSISTEMA EDUCATIVO | |
| 653 | 0 | _aEDUCACION PRIMARIA | |
| 653 | 0 | _aMODELOS EDUCATIVOS | |
| 653 | 0 | _aINVESTIGACION EDUCATIVA | |
| 653 | 0 | _aEDUCACION PUBLICA | |
| 942 | _cBK | ||
| 998 | _cMARTIN | ||
| 999 |
_c8935 _d8935 |
||